| 000 | 00655nam a2200193Ia 4500 | ||
|---|---|---|---|
| 003 | GCL | ||
| 008 | 140319s9999 xx 000 0 ara d | ||
| 040 |
_aGCL / _cGCL |
||
| 082 | 0 | 4 |
_a709.1 _bا م |
| 100 | 1 | _aاحمد رجب محمد على | |
| 245 | 1 | 0 |
_aالمسجد الحرام بمكة المكرمة ورسومه فى الفن الاسلامى / _cاحمد رجب محمد على |
| 300 | _a347 ص | ||
| 490 |
_aالهيئة العامة للاستعلامات _v0 |
||
| 650 | 0 | 4 | _aالعمارة الاسلامية |
| 650 | 0 | 4 | _aالمساجد |
| 650 | 0 | 4 | _aالمسجد الحرام |
| 650 | 0 | 4 | _aالفن الاسلامى |
| 942 |
_2ddc _cBK |
||
| 999 |
_c48714 _d48714 |
||